Statistics for World Sportscar Championship Manufacturer Winners

Click here to take the quiz!

General Stats

  • This quiz has been taken 171 times
  • The average score is 34 of 40

Answer Stats

YearManufacturer% Correct
1953Ferrari
97%
1961Ferrari
97%
1967Ferrari
97%
1964Ferrari
97%
1963Ferrari
97%
1972Ferrari
97%
1962Ferrari
97%
1960Ferrari
97%
1958Ferrari
97%
1957Ferrari
97%
1956Ferrari
97%
1954Ferrari
97%
1983Porsche
94%
1982Porsche
94%
1979Porsche
94%
1984Porsche
94%
1978Porsche
94%
1977Porsche
94%
1976Porsche
94%
1969Porsche
94%
1971Porsche
94%
1970Porsche
94%
1986Porsche
94%
1985Porsche
94%
1990Mercedes
92%
1989Mercedes
92%
1955Mercedes
92%
1968Ford
90%
1966Ford
90%
1988Jaguar
79%
1987Jaguar
79%
1991Jaguar
79%
1959Aston Martin
70%
1992Peugeot
70%
1975Alfa Romeo
60%
1981Lancia
49%
1980Lancia
49%
1974Matra
48%
1973Matra
48%
1965Shelby
31%

Score Distribution

Percentile by Number Answered

Percent of People with Each Score

Your Score History

You have not taken this quiz